| 000 | 00358nam a2200145Ia 4500 | ||
|---|---|---|---|
| 005 | 20241205140830.0 | ||
| 008 | 231221s9999 xx 000 0 und d | ||
| 020 | _a9788188452347 | ||
| 082 | _a158.1 HIL;1 R | ||
| 100 | _aHill, Nepoleon. | ||
| 245 | 0 | _aThink and grow rich | |
| 260 |
_c2004 _bEmbassy Book _aMumbai |
||
| 300 | _axviii, 304 | ||
| 942 | _cAR | ||
| 999 |
_c232537 _d232537 |
||